| 000 | 00647cam a2200193 a 4500 | ||
|---|---|---|---|
| 001 | e 12001404 | ||
| 003 | DLC | ||
| 005 | 20260227111158.0 | ||
| 008 | 990602s1885 fr 000 0 fre c | ||
| 010 | _ae 12001404 | ||
| 040 |
_aU.S. Bur of Ed. Lib. _cNIE _dDLC |
||
| 050 | 0 | 0 |
_aLB1025 _b.B69 1885 |
| 100 | 1 |
_aBraun, Thomas, _d1814- |
|
| 245 | 1 | 0 |
_aCours complet de pédagogie et de méthodologie : _brédigé conformément au programme d'études officiel des écoles et sections normales primaires / _cpar Th. Braun. |
| 260 |
_aParis : _bA. Ract, _c1885. |
||
| 300 |
_a1, vi, [8]-954 p. ; _c23 cm. |
||
| 650 | 0 | _aTeaching. | |
| 650 | 0 | _aEducation. | |
| 999 |
_c19403 _d19403 |
||